[Event "Outaouais op"]
[Site "Hull CAN"]
[Date "2001.10.19"]
[Round "1"]
[White "Biron, Francois"]
[Black "Gagnon, Fabien"]
[Result "1/2-1/2"]
[WhiteElo "1917"]
[BlackElo "2127"]
[PlyCount "122"]
[GameId "2160767911485037"]
[EventDate "2001.10.20"]
[EventType "swiss"]
[EventRounds "5"]
[EventCountry "CAN"]

1. e4 c5 2. Nc3 Nc6 3. f4 g6 4. Nf3 Bg7 5. Bc4 e6 6. f5 Nge7 7. fxe6 fxe6 8. d3 O-O 9. O-O d5 10. exd5 exd5 11. Bb3 b5 12. a3 c4 13. dxc4 dxc4 14. Qxd8 Rxd8 15. Ba2 Bxc3 16. bxc3 Bf5 17. a4 a6 18. Bg5 Re8 19. Bxe7 Nxe7 20. Nd4 Bd7 21. Rf6 Nf5 22. Rb6 Nxd4 23. cxd4 Re2 24. axb5 Bxb5 25. Rxb5 axb5 26. Bxc4+ bxc4 27. Rxa8+ Kg7 28. c3 Rc2 29. Ra3 Kf6 30. h3 Kf5 31. Kh2 Kf4 32. d5 Ke5 33. d6 Kxd6 34. Kg3 Ke5 35. Kf3 Rd2 36. Ra5+ Kf6 37. Ra3 g5 38. Ra6+ Ke5 39. Ra5+ Kd6 40. Rxg5 Rd3+ 41. Ke4 Rxc3 42. Kd4 Rc1 43. Rh5 c3 44. Rh6+ Ke7 45. g4 Kf7 46. Rxh7+ Kg6 47. Rh5 Kf6 48. Kc4 Kg6 49. Kb3 c2 50. Kb2 Rf1 51. Kxc2 Rf3 52. Kd2 Rf1 53. Ke2 Rf8 54. h4 Rf4 55. Rg5+ Kh6 56. Ke3 Ra4 57. Kf3 Ra3+ 58. Ke4 Ra4+ 59. Kd3 Ra3+ 60. Kc4 Ra4+ 61. Kb5 Rf4 1/2-1/2

[Event "Outaouais op"]
[Site "Hull CAN"]
[Date "2001.10.20"]
[Round "2"]
[White "Gagnon, Fabien"]
[Black "St Amand, Paul Jr"]
[Result "1-0"]
[WhiteElo "2127"]
[BlackElo "2181"]
[PlyCount "115"]
[GameId "2160767911485039"]
[EventDate "2001.10.20"]
[EventType "swiss"]
[EventRounds "5"]
[EventCountry "CAN"]

1. d4 Nf6 2. Nf3 e6 3. c4 c5 4. g3 cxd4 5. Nxd4 Nc6 6. Nc2 Qb6 7. Bg2 Be7 8. O-O O-O 9. Nc3 Ne5 10. b3 d6 11. e4 a6 12. h3 Qc7 13. Bb2 Rb8 14. Rc1 Re8 15. Ne3 b6 16. Qd2 Bb7 17. f4 Ned7 18. g4 Nc5 19. Qc2 Red8 20. g5 Ne8 21. h4 Nd7 22. Qe2 Bf8 23. Kh1 Bc6 24. f5 Ne5 25. fxe6 fxe6 26. Ng4 Nxg4 27. Qxg4 Qe7 28. Rf2 Nc7 29. Rcf1 e5 30. Bc1 Bd7 31. Qd1 g6 32. Ba3 Be6 33. Rd2 Rd7 34. Rf6 b5 35. Nd5 Bxd5 36. cxd5 Bg7 37. Rf3 b4 38. Bb2 Rf8 39. Rc2 Rxf3 40. Qxf3 Rd8 41. Rc6 Rf8 42. Qe3 Rf4 43. Qe1 a5 44. Bc1 Rf7 45. a4 Qd7 46. Be3 Na8 47. Qg3 Rf8 48. Bh3 Qe7 49. Qg4 Re8 50. Qe6+ Qxe6 51. Bxe6+ Kf8 52. Rxd6 Nc7 53. Bc5 Nxe6 54. Rxe6+ Kf7 55. Rxe8 Kxe8 56. Kg1 Kd7 57. Kf2 Kc7 58. Ke2 1-0

[Event "Outaouais op"]
[Site "Hull CAN"]
[Date "2001.10.21"]
[Round "4"]
[White "Djerkovic, Miladin"]
[Black "Gagnon, Fabien"]
[Result "1/2-1/2"]
[WhiteElo "2334"]
[BlackElo "2127"]
[PlyCount "95"]
[GameId "2160767911485040"]
[EventDate "2001.10.20"]
[EventType "swiss"]
[EventRounds "5"]
[EventCountry "CAN"]

1. e4 c5 2. Nf3 Nc6 3. d4 cxd4 4. Nxd4 g6 5. c4 Bg7 6. Be3 Nf6 7. Nc3 O-O 8. Be2 b6 9. O-O Bb7 10. f4 d6 11. Bf3 Rc8 12. b3 Nd7 13. Nde2 Nc5 14. Qd2 Qd7 15. Rad1 Qe6 16. h3 Rcd8 17. Bg4 f5 18. exf5 gxf5 19. Bf3 Ne4 20. Bxe4 fxe4 21. Qd5 Qxd5 22. cxd5 Nb4 23. Bd4 Bh6 24. Nxe4 Nxd5 25. Ng5 Bxg5 26. fxg5 Rxf1+ 27. Kxf1 Rc8 28. Rc1 Rxc1+ 29. Nxc1 Nf4 30. Kf2 e5 31. Bb2 Bxg2 32. Ba3 d5 33. Bd6 Bh1 34. h4 Ng6 35. Kg3 e4 36. Ne2 Bf3 37. Nd4 Bd1 38. Nb5 a6 39. Nc3 e3 40. Nxd5 e2 41. Bb4 Ne5 42. Nf4 Nf3 43. Kf2 Nxh4 44. Nxe2 Nf5 45. Nc3 Bc2 46. Ke2 Nd4+ 47. Ke3 Ne6 48. Nd5 1/2-1/2

[Event "Outaouais op"]
[Site "Hull CAN"]
[Date "2001.10.21"]
[Round "5"]
[White "Soudre, Nicolas"]
[Black "Gagnon, Fabien"]
[Result "1-0"]
[WhiteElo "2165"]
[BlackElo "2127"]
[PlyCount "125"]
[GameId "2160767911485041"]
[EventDate "2001.10.20"]
[EventType "swiss"]
[EventRounds "5"]
[EventCountry "CAN"]

1. e4 c5 2. Nc3 Nc6 3. f4 g6 4. Nf3 Bg7 5. Bb5 Nd4 6. Bd3 e6 7. Nxd4 cxd4 8. Nb5 d6 9. c3 Qb6 10. Nxd4 Bd7 11. Nf3 Ne7 12. Bc2 O-O 13. d3 f5 14. Qe2 fxe4 15. dxe4 Rae8 16. Bb3 d5 17. Be3 Qc7 18. e5 a6 19. Nd4 Nf5 20. Nxf5 gxf5 21. Bc2 Rf7 22. Bd4 Bf8 23. g4 fxg4 24. Qxg4+ Rg7 25. Qh3 Bc5 26. O-O-O Bxd4 27. Rxd4 Rf8 28. Rf1 Rff7 29. Rdd1 Qc4 30. Qh4 Qe2 31. Rde1 Qg4 32. Qxg4 Rxg4 33. f5 Bb5 34. Rf3 Rg2 35. f6 Kf8 36. Rh3 Kg8 37. Rg3+ Rxg3 38. hxg3 Rc7 39. Kd2 Be8 40. Rh1 Bb5 41. Rh4 Be8 42. Bd3 b5 43. Bf1 Bg6 44. a4 Rb7 45. axb5 axb5 46. Rg4 Kf8 47. Bd3 Be8 48. Rh4 Kg8 49. g4 b4 50. cxb4 Rxb4 51. Kc3 Rb7 52. Kd4 h5 53. Kc5 Rb3 54. Rh3 Bg6 55. Bf1 Rxb2 56. gxh5 Bf5 57. Rg3+ Kf8 58. Bh3 Bxh3 59. Rxh3 Kf7 60. h6 Rb8 61. Rg3 Rg8 62. Rg7+ Rxg7 63. hxg7 1-0

[Event "Outaouais-ch A"]
[Site "Hull CAN"]
[Date "2001.05.01"]
[Round "1"]
[White "Cote, Jacques"]
[Black "Marghetis, Aris"]
[Result "1-0"]
[WhiteElo "2034"]
[BlackElo "1845"]
[PlyCount "45"]
[GameId "2160767911564866"]
[EventDate "2001.05.01"]
[EventType "tourn"]
[EventRounds "5"]
[EventCountry "CAN"]
[SourceTitle "EXT 2005"]
[Source "ChessBase"]
[SourceDate "2004.11.15"]
[SourceVersion "1"]
[SourceVersionDate "2004.11.15"]
[SourceQuality "1"]

1. e4 Nf6 2. e5 Nd5 3. d4 d6 4. c4 Nb6 5. f4 dxe5 6. fxe5 Bf5 7. Be3 e6 8. Nc3 Nc6 9. Nf3 Bg4 10. Qd2 Bb4 11. a3 Be7 12. Ne4 a5 13. b3 O-O 14. Be2 Bxf3 15. gxf3 f5 16. exf6 Bxf6 17. O-O-O Qe7 18. Nxf6+ Rxf6 19. c5 Rd8 20. cxb6 Nxd4 21. Bxd4 e5 22. Bc4+ Kh8 23. bxc7 1-0

[Event "Outaouais-ch A"]
[Site "Hull CAN"]
[Date "2001.05.01"]
[Round "1"]
[White "Laurin, Jacques"]
[Black "Arsenault, Michel"]
[Result "0-1"]
[WhiteElo "1958"]
[BlackElo "2064"]
[PlyCount "68"]
[GameId "2160767911564867"]
[EventDate "2001.05.01"]
[EventType "tourn"]
[EventRounds "5"]
[EventCountry "CAN"]
[SourceTitle "EXT 2005"]
[Source "ChessBase"]
[SourceDate "2004.11.15"]
[SourceVersion "1"]
[SourceVersionDate "2004.11.15"]
[SourceQuality "1"]

1. c4 e5 2. Nc3 Nf6 3. g3 d5 4. cxd5 Nxd5 5. Bg2 Nb6 6. b3 Be7 7. Bb2 O-O 8. Rc1 f6 9. Qc2 a5 10. e3 Na6 11. a3 Rb8 12. Nge2 c5 13. Nb5 Be6 14. d3 Qd7 15. Nec3 Rfd8 16. Rd1 Bf8 17. d4 exd4 18. exd4 Qf7 19. d5 Nxd5 20. Nxd5 Bxd5 21. Bxd5 Rxd5 22. O-O Rbd8 23. Bc3 b6 24. Rxd5 Qxd5 25. Re1 c4 26. Nd4 cxb3 27. Nxb3 Bxa3 28. Bd4 a4 29. Na1 Bc5 30. Qxa4 Qxd4 31. Qa2+ Kh8 32. Qe2 Nb4 33. Nb3 Qxf2+ 34. Kh1 Qxe2 0-1

[Event "Outaouais-ch A"]
[Site "Hull CAN"]
[Date "2001.05.01"]
[Round "1"]
[White "Rose, Richard"]
[Black "Gagnon, Fabien"]
[Result "0-1"]
[WhiteElo "1817"]
[BlackElo "2107"]
[PlyCount "81"]
[GameId "2160767911564868"]
[EventDate "2001.05.01"]
[EventType "tourn"]
[EventRounds "5"]
[EventCountry "CAN"]
[SourceTitle "EXT 2005"]
[Source "ChessBase"]
[SourceDate "2004.11.15"]
[SourceVersion "1"]
[SourceVersionDate "2004.11.15"]
[SourceQuality "1"]

1. e4 e6 2. d4 d5 3. exd5 exd5 4. Bd3 Bd6 5. Nf3 Ne7 6. Nc3 c6 7. Bg5 Bg4 8. h3 Bh5 9. g4 Bg6 10. Bxg6 hxg6 11. Qd3 Nd7 12. O-O-O f6 13. Bd2 Qc7 14. Rde1 O-O-O 15. h4 Nb6 16. b3 Qd7 17. Rhg1 Na8 18. Na4 b6 19. c4 dxc4 20. bxc4 Nc7 21. Kc2 c5 22. Qb3 cxd4 23. Nxd4 Rxh4 24. Be3 Rh3 25. f3 Nc6 26. Nb5 Nxb5 27. cxb5 Nb4+ 28. Kb1 Qxb5 29. a3 Qd3+ 30. Qxd3 Nxd3 31. Re2 Rxf3 32. Rc2+ Kb7 33. Bd4 Ne5 34. Rd1 Nxg4 35. Bc5 bxc5 36. Nxc5+ Kb6 37. Ne4 Rb3+ 38. Ka2 Rxa3+ 39. Kb2 Ne3 40. Rxd6+ Rxd6 41. Nxd6 0-1

[Event "Outaouais-ch A"]
[Site "Hull CAN"]
[Date "2001.05.05"]
[Round "2"]
[White "Cote, Jacques"]
[Black "Rose, Richard"]
[Result "1-0"]
[WhiteElo "2034"]
[BlackElo "1817"]
[PlyCount "119"]
[GameId "2160767911564869"]
[EventDate "2001.05.01"]
[EventType "tourn"]
[EventRounds "5"]
[EventCountry "CAN"]
[SourceTitle "EXT 2005"]
[Source "ChessBase"]
[SourceDate "2004.11.15"]
[SourceVersion "1"]
[SourceVersionDate "2004.11.15"]
[SourceQuality "1"]

1. e4 c5 2. Nf3 Nc6 3. d4 cxd4 4. Nxd4 g6 5. c4 Bg7 6. Nc2 Nf6 7. Nc3 d6 8. Be2 O-O 9. f4 Be6 10. O-O Na5 11. b3 Rc8 12. Be3 b5 13. Nxb5 Nxe4 14. Ncd4 Qd7 15. Rc1 a6 16. Nxe6 Qxe6 17. Nd4 Qd7 18. Bf3 Nf6 19. Qd2 Qc7 20. f5 Rfe8 21. Kh1 Kh8 22. Bh6 e5 23. fxe6 fxe6 24. Bxg7+ Kxg7 25. Qg5 h6 26. Qg3 Qd7 27. Qf2 e5 28. Bc6 Nxc6 29. Qxf6+ Kh7 30. Nf3 Rf8 31. Qh4 Qf5 32. Rfe1 Nb4 33. Rcd1 Nc2 34. Rf1 e4 35. Nd2 Qe6 36. Qxe4 Qxe4 37. Nxe4 Ne3 38. Rxf8 Rxf8 39. Re1 Nc2 40. Rd1 Ne3 41. Rc1 d5 42. cxd5 Nxd5 43. Kg1 Re8 44. Rc4 Kg7 45. g3 Rf8 46. Nc5 Rf6 47. Ne4 Ne3 48. Nxf6 Nxc4 49. Ne8+ Kf7 50. bxc4 Kxe8 51. Kf2 Kd7 52. Ke3 Kc6 53. Kd4 Kd6 54. c5+ Kc6 55. a3 g5 56. g4 Kc7 57. Kd5 Kd7 58. c6+ Kc7 59. Kc5 a5 60. a4 1-0

[Event "Outaouais-ch A"]
[Site "Hull CAN"]
[Date "2001.05.05"]
[Round "2"]
[White "Gagnon, Fabien"]
[Black "Laurin, Jacques"]
[Result "1-0"]
[WhiteElo "2107"]
[BlackElo "1958"]
[PlyCount "45"]
[GameId "2160767911564870"]
[EventDate "2001.05.01"]
[EventType "tourn"]
[EventRounds "5"]
[EventCountry "CAN"]
[SourceTitle "EXT 2005"]
[Source "ChessBase"]
[SourceDate "2004.11.15"]
[SourceVersion "1"]
[SourceVersionDate "2004.11.15"]
[SourceQuality "1"]

1. Nf3 Nf6 2. d4 e6 3. e3 c5 4. Bd3 Nc6 5. O-O Be7 6. c3 Qc7 7. e4 cxd4 8. cxd4 Nb4 9. Nc3 Nxd3 10. Qxd3 a6 11. Bg5 h6 12. Bh4 g5 13. Bg3 d6 14. Rac1 Qd7 15. e5 Nh5 16. exd6 Bxd6 17. Ne4 Bxg3 18. fxg3 Qe7 19. Ne5 O-O 20. Qe2 Ng7 21. Nf6+ Kh8 22. g4 Nf5 23. Rxf5 1-0

[Event "Outaouais-ch A"]
[Site "Hull CAN"]
[Date "2001.05.05"]
[Round "2"]
[White "Marghetis, Aris"]
[Black "Arsenault, Michel"]
[Result "0-1"]
[WhiteElo "1845"]
[BlackElo "2064"]
[PlyCount "64"]
[GameId "2160767911564871"]
[EventDate "2001.05.01"]
[EventType "tourn"]
[EventRounds "5"]
[EventCountry "CAN"]
[SourceTitle "EXT 2005"]
[Source "ChessBase"]
[SourceDate "2004.11.15"]
[SourceVersion "1"]
[SourceVersionDate "2004.11.15"]
[SourceQuality "1"]

1. e4 c5 2. Nc3 Nc6 3. g3 g6 4. Bg2 Bg7 5. d3 d6 6. f4 e6 7. Nf3 Nge7 8. O-O O-O 9. Be3 Rb8 10. e5 Nf5 11. Bf2 b6 12. g4 Nfd4 13. exd6 Qxd6 14. Ne4 Qc7 15. c3 Nxf3+ 16. Bxf3 Ba6 17. Bg3 Rbd8 18. f5 Be5 19. Nf6+ Kg7 20. Bxc6 Bxg3 21. Ne4 Bxh2+ 22. Kg2 Bxd3 23. f6+ Kh8 24. Qc1 Qxc6 25. Kxh2 Bxe4 26. Qh6 Rg8 27. Rad1 Rd3 28. Rxd3 Bxd3 29. Rd1 Qf3 30. Rd2 c4 31. Qg5 Rd8 32. Qh6 Qxf6 0-1

[Event "Outaouais-ch A"]
[Site "Hull CAN"]
[Date "2001.05.06"]
[Round "3"]
[White "Arsenault, Michel"]
[Black "Gagnon, Fabien"]
[Result "1-0"]
[WhiteElo "2064"]
[BlackElo "2107"]
[PlyCount "97"]
[GameId "2160767911564872"]
[EventDate "2001.05.01"]
[EventType "tourn"]
[EventRounds "5"]
[EventCountry "CAN"]
[SourceTitle "EXT 2005"]
[Source "ChessBase"]
[SourceDate "2004.11.15"]
[SourceVersion "1"]
[SourceVersionDate "2004.11.15"]
[SourceQuality "1"]

1. c4 Nf6 2. g3 c6 3. b3 e5 4. Bb2 e4 5. Bg2 d5 6. Nh3 Bd6 7. O-O O-O 8. cxd5 cxd5 9. d3 Bf5 10. dxe4 dxe4 11. Nc3 Nc6 12. Nd5 Be5 13. Bxe5 Nxd5 14. Bb2 Re8 15. e3 Ncb4 16. Qd4 f6 17. Rfd1 Be6 18. Bxe4 Qe7 19. Ba3 Nc2 20. Bxe7 Nxd4 21. Bxd5 Bxd5 22. Rxd4 Be6 23. Nf4 Rxe7 24. Nxe6 Rxe6 25. Rd7 Rc8 26. Rad1 Ra6 27. Rxb7 Rxa2 28. Rdd7 g5 29. Rg7+ Kh8 30. Rxh7+ Kg8 31. Rbg7+ Kf8 32. Rxa7 Rxa7 33. Rxa7 Rb8 34. Ra3 Kf7 35. Kg2 g4 36. h3 gxh3+ 37. Kxh3 Kg6 38. Kg4 Rb5 39. e4 Rb4 40. Kf4 Rb5 41. f3 Kh6 42. Ke3 Rg5 43. g4 Rb5 44. Kd4 Kg5 45. Kc4 Re5 46. b4 Kf4 47. b5 Re8 48. b6 Rc8+ 49. Kb5 1-0

[Event "Outaouais-ch A"]
[Site "Hull CAN"]
[Date "2001.05.06"]
[Round "3"]
[White "Laurin, Jacques"]
[Black "Cote, Jacques"]
[Result "1-0"]
[WhiteElo "1958"]
[BlackElo "2034"]
[PlyCount "105"]
[GameId "2160767911564873"]
[EventDate "2001.05.01"]
[EventType "tourn"]
[EventRounds "5"]
[EventCountry "CAN"]
[SourceTitle "EXT 2005"]
[Source "ChessBase"]
[SourceDate "2004.11.15"]
[SourceVersion "1"]
[SourceVersionDate "2004.11.15"]
[SourceQuality "1"]

1. c4 f5 2. Nc3 Nf6 3. Nf3 e6 4. d4 d5 5. Bg5 c6 6. e3 Be7 7. Be2 O-O 8. Ne5 Nbd7 9. Rc1 Ne4 10. Bxe7 Qxe7 11. Nxd7 Bxd7 12. Nxe4 fxe4 13. O-O Qg5 14. Bg4 Rf6 15. cxd5 cxd5 16. Rc7 Bb5 17. Be2 Rg6 18. g3 Bc6 19. Bh5 Rh6 20. Qg4 Qxg4 21. Bxg4 Rf8 22. f3 Rhf6 23. f4 g6 24. Rc1 h5 25. Bh3 R8f7 26. Rc8+ Rf8 27. Rxf8+ Kxf8 28. g4 hxg4 29. Bxg4 Ke7 30. Kg2 Rf8 31. Kg3 Rh8 32. b4 Kd6 33. h4 a6 34. Be2 Ra8 35. Kg4 b5 36. Kg5 Be8 37. Rc5 Ra7 38. Rc8 Kd7 39. Rb8 Ke7 40. Rb6 Bf7 41. a3 Be8 42. Bg4 Bf7 43. Rc6 Kd7 44. Rc5 Kd6 45. Kf6 Rb7 46. Rc8 Kd7 47. Rf8 Be8 48. Bxe6+ Kd8 49. Bxd5 Rb6+ 50. Be6 Rc6 51. d5 Rc3 52. d6 Rxe3 53. d7 1-0

[Event "Outaouais-ch A"]
[Site "Hull CAN"]
[Date "2001.05.06"]
[Round "3"]
[White "Rose, Richard"]
[Black "Marghetis, Aris"]
[Result "1/2-1/2"]
[WhiteElo "1817"]
[BlackElo "1845"]
[PlyCount "80"]
[GameId "2160767911564874"]
[EventDate "2001.05.01"]
[EventType "tourn"]
[EventRounds "5"]
[EventCountry "CAN"]
[SourceTitle "EXT 2005"]
[Source "ChessBase"]
[SourceDate "2004.11.15"]
[SourceVersion "1"]
[SourceVersionDate "2004.11.15"]
[SourceQuality "1"]

1. e4 Nf6 2. Nc3 d5 3. e5 d4 4. exf6 dxc3 5. fxg7 cxd2+ 6. Qxd2 Qxd2+ 7. Bxd2 Bxg7 8. O-O-O Be6 9. b3 Nd7 10. Nf3 O-O 11. Bf4 Rac8 12. Ng5 Bf5 13. f3 Nb6 14. Bd3 Bxd3 15. Rxd3 c6 16. c4 Rfd8 17. Rhd1 Rxd3 18. Rxd3 Bh6 19. h4 f6 20. Ne6 Bxf4+ 21. Nxf4 Kf7 22. c5 Na8 23. Rd7 Nc7 24. b4 Ke8 25. Rd3 e5 26. Nh5 Nd5 27. g4 Ke7 28. Ng7 a6 29. Nf5+ Ke6 30. Kb2 Rc7 31. Kb3 Rd7 32. a4 Rc7 33. h5 Rd7 34. h6 Rc7 35. b5 a5 36. Kc4 Rd7 37. Ng7+ Kf7 38. Nf5 Ke6 39. Nd6 Nf4 40. Rd2 Nh3 1/2-1/2

[Event "Outaouais-ch A"]
[Site "Hull CAN"]
[Date "2001.05.08"]
[Round "4"]
[White "Cote, Jacques"]
[Black "Arsenault, Michel"]
[Result "1/2-1/2"]
[WhiteElo "2034"]
[BlackElo "2064"]
[PlyCount "73"]
[GameId "2160767911564875"]
[EventDate "2001.05.01"]
[EventType "tourn"]
[EventRounds "5"]
[EventCountry "CAN"]
[SourceTitle "EXT 2005"]
[Source "ChessBase"]
[SourceDate "2004.11.15"]
[SourceVersion "1"]
[SourceVersionDate "2004.11.15"]
[SourceQuality "1"]

1. e4 c5 2. Nf3 e6 3. d4 cxd4 4. Nxd4 Nf6 5. Bd3 Nc6 6. Be3 d5 7. Nxc6 bxc6 8. e5 Nd7 9. f4 Bc5 10. Qe2 Bxe3 11. Qxe3 Qb6 12. Qxb6 axb6 13. Nc3 b5 14. b4 Nb6 15. O-O O-O 16. Ne2 Bd7 17. Nd4 Ra4 18. c3 Ra3 19. Nb3 Rfa8 20. g4 Rxa2 21. Rae1 Rb2 22. Na5 Nc4 23. Bxc4 bxc4 24. Rd1 c5 25. Nxc4 Re2 26. Rf2 Rxf2 27. Kxf2 cxb4 28. cxb4 Rb8 29. Nd6 Rxb4 30. Ke3 Kf8 31. Ra1 Ke7 32. Ra7 f6 33. Nc8+ Kd8 34. Nd6 Ke7 35. Nc8+ Kd8 36. Nd6 Ke7 37. Nc8+ 1/2-1/2

[Event "Outaouais-ch A"]
[Site "Hull CAN"]
[Date "2001.05.08"]
[Round "4"]
[White "Marghetis, Aris"]
[Black "Gagnon, Fabien"]
[Result "1-0"]
[WhiteElo "1845"]
[BlackElo "2107"]
[PlyCount "107"]
[GameId "2160767911564876"]
[EventDate "2001.05.01"]
[EventType "tourn"]
[EventRounds "5"]
[EventCountry "CAN"]
[SourceTitle "EXT 2005"]
[Source "ChessBase"]
[SourceDate "2004.11.15"]
[SourceVersion "1"]
[SourceVersionDate "2004.11.15"]
[SourceQuality "1"]

1. e4 e6 2. d3 d5 3. Nd2 Nf6 4. g3 b6 5. Bg2 Bb7 6. Ngf3 c5 7. O-O Nc6 8. Re1 Be7 9. c3 Qc7 10. Qc2 h6 11. a3 O-O-O 12. b4 dxe4 13. Nxe4 cxb4 14. cxb4 Nd5 15. Bb2 Rhg8 16. Rac1 a6 17. Qb3 Kd7 18. b5 axb5 19. Be5 Qc8 20. Qxb5 Qa8 21. Nc3 Qa5 22. Qxa5 Nxa5 23. Nxd5 Bxd5 24. Bc7 Nb3 25. Ne5+ Ke8 26. Bxd8 Nxc1 27. Bxd5 Kxd8 28. Nxf7+ Ke8 29. Bxe6 Nxd3 30. Re3 Nc5 31. Nd6+ Bxd6 32. Bxg8+ Kd7 33. Bc4 Kc6 34. Kf1 b5 35. Bb3 Nd7 36. a4 Ne5 37. axb5+ Kxb5 38. h3 Kc5 39. Re4 Nd3 40. Kg2 Kc6 41. Kf3 Nc5 42. Re3 Kd7 43. Kg4 Be7 44. Bf7 Nb7 45. Kh5 Nd6 46. Kg6 Bf6 47. f4 Kd8 48. g4 Kd7 49. Bd5 Kc7 50. g5 hxg5 51. fxg5 Bd8 52. h4 Kd7 53. Bf3 Be7 54. Bg4+ 1-0

[Event "Outaouais-ch A"]
[Site "Hull CAN"]
[Date "2001.05.08"]
[Round "4"]
[White "Rose, Richard"]
[Black "Laurin, Jacques"]
[Result "1-0"]
[WhiteElo "1817"]
[BlackElo "1958"]
[PlyCount "63"]
[GameId "2160767911564877"]
[EventDate "2001.05.01"]
[EventType "tourn"]
[EventRounds "5"]
[EventCountry "CAN"]
[SourceTitle "EXT 2005"]
[Source "ChessBase"]
[SourceDate "2004.11.15"]
[SourceVersion "1"]
[SourceVersionDate "2004.11.15"]
[SourceQuality "1"]

1. e4 e6 2. d4 c5 3. d5 Nf6 4. Nc3 exd5 5. exd5 d6 6. Bd3 Be7 7. h3 Nbd7 8. Nf3 O-O 9. O-O a6 10. a4 b6 11. Bf4 Bb7 12. Bc4 Re8 13. Qd3 Bf8 14. Rfe1 Qc7 15. Rad1 g6 16. Rxe8 Nxe8 17. Re1 Bg7 18. Ne4 f6 19. Bb3 Rc8 20. Nfd2 h6 21. Nxd6 Nxd6 22. Re6 Ne5 23. Bxe5 fxe5 24. Qxg6 c4 25. Nxc4 Nxc4 26. d6 Qf7 27. Qxf7+ Kxf7 28. Bxc4 Rxc4 29. Re7+ Kf6 30. Rxb7 Rc6 31. d7 Rd6 32. Rxb6 1-0

[Event "Outaouais-ch A"]
[Site "Hull CAN"]
[Date "2001.05.11"]
[Round "5"]
[White "Arsenault, Michel"]
[Black "Rose, Richard"]
[Result "1-0"]
[WhiteElo "2064"]
[BlackElo "1817"]
[PlyCount "79"]
[GameId "2160767911564878"]
[EventDate "2001.05.01"]
[EventType "tourn"]
[EventRounds "5"]
[EventCountry "CAN"]
[SourceTitle "EXT 2005"]
[Source "ChessBase"]
[SourceDate "2004.11.15"]
[SourceVersion "1"]
[SourceVersionDate "2004.11.15"]
[SourceQuality "1"]

1. e4 c5 2. d4 cxd4 3. c3 g6 4. Bc4 Nf6 5. e5 d5 6. Bb5+ Bd7 7. Bxd7+ Nfxd7 8. cxd4 Bg7 9. Nf3 O-O 10. O-O Nc6 11. Nc3 Nb6 12. Bf4 Qd7 13. Rc1 Nd8 14. Qb3 Ne6 15. Be3 f5 16. exf6 Bxf6 17. a4 Kg7 18. a5 Nc4 19. Nxd5 Nxa5 20. Qa2 b6 21. b4 Nb7 22. Ne5 Bxe5 23. dxe5 Rfc8 24. Rcd1 Rd8 25. Qb3 Nc7 26. Nxb6 Qxd1 27. Rxd1 Rxd1+ 28. Qxd1 axb6 29. g3 Rd8 30. Qf3 Nd5 31. Bxb6 Rd7 32. e6 Rd6 33. Qf7+ Kh6 34. Bd4 Nf6 35. Be3+ g5 36. h4 Ne4 37. hxg5+ Nxg5 38. Qxe7 Rd5 39. Bxg5+ Rxg5 40. Qxb7 1-0

[Event "Outaouais-ch A"]
[Site "Hull CAN"]
[Date "2001.05.11"]
[Round "5"]
[White "Gagnon, Fabien"]
[Black "Cote, Jacques"]
[Result "1-0"]
[WhiteElo "2107"]
[BlackElo "2034"]
[PlyCount "59"]
[GameId "2160767911564879"]
[EventDate "2001.05.01"]
[EventType "tourn"]
[EventRounds "5"]
[EventCountry "CAN"]
[SourceTitle "EXT 2005"]
[Source "ChessBase"]
[SourceDate "2004.11.15"]
[SourceVersion "1"]
[SourceVersionDate "2004.11.15"]
[SourceQuality "1"]

1. c4 e6 2. g3 d5 3. Bg2 c6 4. Nf3 Nf6 5. O-O Nbd7 6. d4 Bd6 7. b3 b6 8. Bb2 O-O 9. Nbd2 Bb7 10. Ne5 Rc8 11. e4 c5 12. Nxd7 Nxd7 13. cxd5 exd5 14. exd5 cxd4 15. Bxd4 Ne5 16. Qh5 f5 17. Rfe1 Nd3 18. Re3 Nb4 19. g4 Qd7 20. Rae1 g6 21. Qg5 Rc7 22. Re6 Rf7 23. Nc4 Rxc4 24. bxc4 fxg4 25. Rxd6 Qxd6 26. Re6 Qd7 27. Qe5 Rg7 28. Re8+ Kf7 29. Rh8 Rg8 30. Qf6+ 1-0

[Event "Outaouais-ch A"]
[Site "Hull CAN"]
[Date "2001.05.11"]
[Round "5"]
[White "Laurin, Jacques"]
[Black "Marghetis, Aris"]
[Result "0-1"]
[WhiteElo "1958"]
[BlackElo "1845"]
[PlyCount "84"]
[GameId "2160767911564880"]
[EventDate "2001.05.01"]
[EventType "tourn"]
[EventRounds "5"]
[EventCountry "CAN"]
[SourceTitle "EXT 2005"]
[Source "ChessBase"]
[SourceDate "2004.11.15"]
[SourceVersion "1"]
[SourceVersionDate "2004.11.15"]
[SourceQuality "1"]

1. c4 Nf6 2. Nc3 g6 3. Nf3 Bg7 4. e4 d6 5. d4 O-O 6. h3 e5 7. dxe5 dxe5 8. Qxd8 Rxd8 9. Bg5 h6 10. Bxf6 Bxf6 11. Nd5 Nd7 12. Nxc7 Rb8 13. O-O-O Nc5 14. Nd2 Bg5 15. f3 f5 16. b4 fxe4 17. bxc5 e3 18. Kc2 Bd7 19. Nb3 Bf5+ 20. Bd3 e2 21. Bxf5 exd1=Q+ 22. Rxd1 gxf5 23. Rd6 Kf7 24. g3 Rbc8 25. Nb5 a6 26. Rxd8 Rxd8 27. Nd6+ Ke6 28. Nxb7 Rc8 29. Kc3 Rc7 30. c6 Rxc6 31. N3c5+ Kf7 32. h4 Be7 33. Nd3 Ke6 34. Na5 Rc8 35. Nb3 Bd6 36. Na5 e4 37. fxe4 fxe4 38. Nc1 Be5+ 39. Kd2 Bxg3 40. Ke3 Kf5 41. Ne2 Be5 42. a4 h5 0-1

[Event "Outaouais-ch B"]
[Site "Gatineau CAN"]
[Date "2001.05.11"]
[Round "2"]
[White "Ethier, Valori"]
[Black "Levesque, Andre"]
[Result "1/2-1/2"]
[WhiteElo "1350"]
[BlackElo "1364"]
[PlyCount "101"]
[GameId "2160767911564822"]
[EventDate "2001.05.04"]
[EventType "tourn"]
[EventRounds "5"]
[EventCountry "CAN"]

1. e4 c5 2. g3 Nc6 3. c3 d5 4. exd5 Qxd5 5. Nf3 Bg4 6. Bg2 Ne5 7. Qa4+ Kd8 8. Nxe5 Qxe5+ 9. Qe4 Qxe4+ 10. Bxe4 Rb8 11. d3 f6 12. Be3 e5 13. Nd2 b6 14. f4 Ne7 15. h3 Bf5 16. Nc4 Bxe4 17. dxe4 Nc6 18. Rd1+ Kc7 19. O-O b5 20. Nd2 Bd6 21. Nb3 c4 22. Nc5 Bxc5 23. Bxc5 Rbd8 24. Rd5 Rd7 25. Rfd1 Rhd8 26. Kg2 h6 27. Rxd7+ Rxd7 28. Rxd7+ Kxd7 29. Bf8 exf4 30. gxf4 g5 31. Bxh6 Ke6 32. fxg5 fxg5 33. Bxg5 Ne5 34. h4 Kf7 35. Kg3 Kg6 36. b4 cxb3 37. axb3 a5 38. Kf2 a4 39. bxa4 bxa4 40. Be7 Nc4 41. Kf3 a3 42. Bxa3 Nxa3 43. Kf4 Kh5 44. e5 Kxh4 45. e6 Nb5 46. e7 Nc7 47. Kf5 Kg3 48. Kf6 Kf4 49. c4 Ke4 50. c5 Kd5 51. c6 1/2-1/2

[Event "Outaouais-ch B"]
[Site "Gatineau CAN"]
[Date "2001.05.11"]
[Round "2"]
[White "Seguin, Hubert"]
[Black "Lemieux, Richard"]
[Result "0-1"]
[WhiteElo "1669"]
[BlackElo "1739"]
[PlyCount "70"]
[GameId "2160767911564823"]
[EventDate "2001.05.04"]
[EventType "tourn"]
[EventRounds "5"]
[EventCountry "CAN"]

1. e4 e5 2. Nf3 f5 3. Nxe5 Qf6 4. d4 d6 5. Nc4 fxe4 6. Ne3 Qf7 7. Bc4 Be6 8. Bxe6 Qxe6 9. c4 Nf6 10. Nc3 Qf7 11. O-O Nbd7 12. f3 exf3 13. Qxf3 O-O-O 14. Bd2 Be7 15. b4 c5 16. bxc5 dxc5 17. d5 Rhf8 18. Rab1 b6 19. Nb5 a6 20. Na7+ Kb7 21. Nc6 Bd6 22. Nxd8+ Rxd8 23. Nf5 Ne5 24. Nxd6+ Rxd6 25. Qf4 Qh5 26. Bc3 Nfd7 27. Bxe5 Qxe5 28. Rbe1 Qxf4 29. Rxf4 b5 30. Rf7 bxc4 31. Rxg7 Rxd5 32. Ree7 Kc6 33. Rxh7 c3 34. Re1 c2 35. Rhe7 Rd1 0-1